=LDR 00000nam 2200000 4500 =001 INLIS000000000035916 =005 20130612141733 =008 ***********************************ind** =035 ##$$0010-061300000035916 =041 ##$$a ind =082 ##$$a 620.1 =090 ##$$a 620.1, BCC m =100 ##$$a Beckwith =245 ##$$a Mechanical Measurements =650 ##$$a Mechanical =850 ##$$a NBPNMAT